书目信息 |
| 题名: |
个人网站组建实用教程
|
|
| 作者: | 张一鸣 主编 ;桂林 , 张家祥 编著 | |
| 分册: | ||
| 出版信息: | 西安 西安电子科技大学出版社 2004.01 |
|
| 页数: | 250页 | |
| 开本: | 26cm | |
| 丛书名: | ||
| 单 册: | ||
| 中图分类: | TP393.092 | |
| 科图分类: | ||
| 主题词: | 计算机应用 | |
| 电子资源: | ||
| ISBN: | 7-5606-1307-1 | |
| 000 | 00690nam0 2200205 45 | |
| 001 | 0460358304 | |
| 005 | 2004051316455830 | |
| 010 | @a7-5606-1307-1@dCNY 22.00 | |
| 100 | @a20040513d2004 km y0chiy0120 ea | |
| 101 | 0 | @achi |
| 200 | 1 | @a个人网站组建实用教程@Age ren wang zhan zu jian shi yong jiao cheng@f张一鸣主编;桂林,张家祥编著@Fzhang yi ming zhu bian;gui lin,zhang jia xiang bian zhu |
| 210 | @a西安@c西安电子科技大学出版社@d2004.01 | |
| 215 | @a250页@d26cm | |
| 606 | 0 | @a计算机应用 |
| 690 | 1 | @aTP393.092@v4 |
| 701 | 0 | @a张一鸣@Azhang yi ming@4主编 |
| 702 | 0 | @a桂林@Agui lin@4编著 |
| 702 | 0 | @a张家祥@Azhang jia xiang@4编著 |
| 801 | 0 | @aCN@bPFT@c20040513 |
| 905 | @dTP393.092@eZ224 | |
| 个人网站组建实用教程/张一鸣主编;桂林,张家祥编著.-西安:西安电子科技大学出版社,2004.01 |
| 250页;26cm |
| ISBN 7-5606-1307-1:CNY 22.00 |
| ● |
| 相关链接 |
|
|
|
正题名:个人网站组建实用教程
索取号:TP393.092/Z224
 
预约/预借
| 序号 | 登录号 | 条形码 | 馆藏地/架位号 | 状态 | 备注 |
| 1 | 375327 | 203753278 | 自科二线400A/400A自科库 2排1列1层/ [索取号:TP393.092/Z224] | 在馆 | |
| 2 | 375328 | 203753287 | 自科二线400A/400A自科库 2排1列1层/ [索取号:TP393.092/Z224] | 在馆 | |
| 3 | 375329 | 203753296 | 自科二线400A/400A自科库 3排3列2层/ [索取号:TP393.092/Z224] | 在馆 |